Effects of selection processes and private information on criminal antitrust case outcomes

Saved in:  
Bibliographic Details
Main Author: Sapper, David Buford (Author)
Format: Print Book
Language:English
Published: 2006
In:Year: 2006
Check availability: HBZ Gateway
Subito Delivery Service: Order now.
Keywords:

MARC

LEADER 00000cam a22000008c 4500
001 1334609586
003 DE-627
005 20220526133433.0
007 tu
008 070509s2006 xx ||||| m 00| ||eng c
024 8 |a 3230583  |q Order no. 
035 |a (DE-627)1334609586 
035 |a (DE-576)264609581 
035 |a (DE-599)BSZ264609581 
040 |a DE-627  |b ger  |c DE-627  |e rakwb 
041 |a eng 
100 1 |a Sapper, David Buford  |0 (DE-627)1334609462  |0 (DE-576)264609468  |4 aut 
109 |a Sapper, David Buford  |a Buford Sapper, David 
245 1 0 |a Effects of selection processes and private information on criminal antitrust case outcomes  |c by David Buford Sapper 
264 1 |c 2006 
300 |a XV, 328 S. 
336 |a Text  |b txt  |2 rdacontent 
337 |a ohne Hilfsmittel zu benutzen  |b n  |2 rdamedia 
338 |a Band  |b nc  |2 rdacarrier 
502 |a Nashville, Vanderbilt Univ., Diss., 2006 
655 7 |a Hochschulschrift  |0 (DE-588)4113937-9  |0 (DE-627)105825778  |0 (DE-576)209480580  |2 gnd-content 
751 |a Nashville, Tenn.  |0 (DE-588)4102368-7  |0 (DE-627)105920258  |0 (DE-576)209378395  |4 uvp 
935 |a mkri 
951 |a BO 
ELC |b 1 
LOK |0 000 xxxxxcx a22 zn 4500 
LOK |0 001 2533545465 
LOK |0 003 DE-627 
LOK |0 004 1334609586 
LOK |0 005 20070509171230 
LOK |0 008 070509||||||||||||||||ger||||||| 
LOK |0 040   |a DE-Frei85  |c DE-627  |d DE-Frei85 
LOK |0 852   |z Kopie, erschienen im Verlag Univ. Microfilms Internat., Ann Arbor, 2007 
LOK |0 852   |a DE-Frei85 
LOK |0 852 1  |m p  |9 00 
LOK |0 938   |k p 
LOK |0 939   |a 09-05-07  |b l01 
ORI |a SA-MARC-krimdoka001.raw